<?xml version="1.0" encoding="UTF-8"?>
<record
    xmlns:xsi="http://www.w3.org/2001/XMLSchema-instance"
    xsi:schemaLocation="http://www.loc.gov/MARC21/slim http://www.loc.gov/standards/marcxml/schema/MARC21slim.xsd"
    xmlns="http://www.loc.gov/MARC21/slim">

  <leader>02838nam a2200289uu 4500</leader>
  <controlfield tag="001">1468045</controlfield>
  <controlfield tag="005">20260508091132.0</controlfield>
  <controlfield tag="008">170622s2012                        spa  </controlfield>
  <datafield tag="020" ind1=" " ind2=" ">
    <subfield code="a">9788492813551</subfield>
  </datafield>
  <datafield tag="035" ind1=" " ind2=" ">
    <subfield code="a">1468045</subfield>
  </datafield>
  <datafield tag="040" ind1=" " ind2=" ">
    <subfield code="c">comduadb</subfield>
  </datafield>
  <datafield tag="041" ind1=" " ind2=" ">
    <subfield code="a">spa</subfield>
  </datafield>
  <datafield tag="082" ind1=" " ind2="4">
    <subfield code="a">306</subfield>
  </datafield>
  <datafield tag="100" ind1="1" ind2="0">
    <subfield code="a">Ur&#xED;szar, Juan Carlos</subfield>
    <subfield code="4">aut</subfield>
    <subfield code="e">aut</subfield>
    <subfield code="9">746009</subfield>
  </datafield>
  <datafield tag="245" ind1="1" ind2="0">
    <subfield code="a">Despu&#xE9;s de Gan&#xED;medes : una aventura para hombres gays en transici&#xF3;n de la juventud hacia la vida adulta y la senectud</subfield>
  </datafield>
  <datafield tag="260" ind1=" " ind2=" ">
    <subfield code="a">Barcelona :</subfield>
    <subfield code="b">Egales,</subfield>
    <subfield code="c">2012.</subfield>
  </datafield>
  <datafield tag="300" ind1=" " ind2=" ">
    <subfield code="a">214 p&#xE1;ginas :</subfield>
    <subfield code="b">ilustraciones</subfield>
  </datafield>
  <datafield tag="490" ind1="0" ind2=" ">
    <subfield code="a">Colecci&#xF3;n G</subfield>
  </datafield>
  <datafield tag="520" ind1="3" ind2=" ">
    <subfield code="a">RESUMEN: "Por un lado, este libro trata de los problemas que aparecen como consecuencia de perseguir el anhelo de la eterna juventud y tener que cumplir con su mandato impl&#xED;cito: "&#xA1;permanece joven y bello!". El deseo de poseer ese secreto ha acompa&#xF1;ado desde hace mucho tiempo a la humanidad. Hoy en d&#xED;a se refuerza de forma cada vez m&#xE1;s vehemente a trav&#xE9;s de la influencia que ejercen medios de comunicaci&#xF3;n, cine, Internet, publicidad y publicaciones m&#xE9;dicas, favoreciendo que dicho deseo est&#xE9; muy presente en toda la poblaci&#xF3;n. Dejar actuar esta influencia en nosotros implica embarcarnos en perseguir un anhelo imposible de alcanzar y que, adem&#xE1;s, tendr&#xE1; repercusiones no deseadas en nuestras vidas. Muchos hombres homosexuales est&#xE1;n involucrados en esta lucha infructuosa. Por otro lado, el libro desarrolla un recurso muy utilizado en psicolog&#xED;a para hallar v&#xED;as de resoluci&#xF3;n de conflictos existenciales: las f&#xE1;bulas, los cuentos populares y las historias m&#xED;ticas. Mediante una de esas historias, la del joven Gan&#xED;medes, el libro aborda el conflicto que produce la p&#xE9;rdida de la juventud y lo describe detalladamente como un s&#xED;ndrome, apoy&#xE1;ndose en las respuestas y descripciones de varios entrevistados: el s&#xED;ndrome de Gan&#xED;medes y lo compara con otros dos, el de Adonis(vigorexia) y el de Peter Pan. Por &#xFA;ltimo, el libro se plantea una pregunta a la que hace alusi&#xF3;n ya desde el mismo t&#xED;tulo: &#xBF;Qu&#xE9; hay despu&#xE9;s de Gan&#xED;medes? Para encontrar respuestas personales, se proponen actividades individuales pautadas y se muestran las opiniones y las estrategias de hombres que ya han transitado m&#xE1;s all&#xE1; el imperativo de tener que ser permanentemente j&#xF3;venes y bellos y est&#xE1;n, por tanto, "m&#xE1;s all&#xE1; de Gan&#xED;medes", lo que puede ser de gran ayuda al lector que se aventure a buscar respuestas para s&#xED; mismo."</subfield>
  </datafield>
  <datafield tag="650" ind1=" " ind2=" ">
    <subfield code="a">Vigorexia</subfield>
    <subfield code="9">131965</subfield>
  </datafield>
  <datafield tag="650" ind1=" " ind2=" ">
    <subfield code="a">Edad adulta</subfield>
    <subfield code="9">9084</subfield>
  </datafield>
  <datafield tag="650" ind1=" " ind2=" ">
    <subfield code="a">Envejecimiento - Aspectos sociales</subfield>
    <subfield code="9">218542</subfield>
  </datafield>
  <datafield tag="650" ind1=" " ind2=" ">
    <subfield code="a">Imagen corporal - Aspectos sociales</subfield>
    <subfield code="9">185697</subfield>
  </datafield>
  <datafield tag="650" ind1=" " ind2="7">
    <subfield code="a">Homosexualidad</subfield>
    <subfield code="x">Aspectos sociales</subfield>
    <subfield code="2">embne</subfield>
    <subfield code="9">36888</subfield>
  </datafield>
  <datafield tag="700" ind1="1" ind2="0">
    <subfield code="a">Echebur&#xFA;a Odriozola, Enrique</subfield>
    <subfield code="d">1951-</subfield>
    <subfield code="4">aui</subfield>
    <subfield code="0">(isni)0000000108019054</subfield>
    <subfield code="0">(viaf)75968036</subfield>
    <subfield code="e">aui</subfield>
    <subfield code="9">388487</subfield>
  </datafield>
  <datafield tag="942" ind1=" " ind2=" ">
    <subfield code="c">BOOK</subfield>
  </datafield>
  <datafield tag="999" ind1=" " ind2=" ">
    <subfield code="c">757699</subfield>
    <subfield code="d">757699</subfield>
  </datafield>
  <datafield tag="952" ind1=" " ind2=" ">
    <subfield code="0">0</subfield>
    <subfield code="1">0</subfield>
    <subfield code="4">0</subfield>
    <subfield code="7">0</subfield>
    <subfield code="8">GEN</subfield>
    <subfield code="a">BC</subfield>
    <subfield code="b">BC</subfield>
    <subfield code="d">2017-06-22</subfield>
    <subfield code="e">Buscalibre</subfield>
    <subfield code="g">79570.00</subfield>
    <subfield code="i">C1263970</subfield>
    <subfield code="l">1</subfield>
    <subfield code="o">306.76 U82</subfield>
    <subfield code="p">1025931</subfield>
    <subfield code="r">2024-01-25 00:00:00</subfield>
    <subfield code="s">2023-07-18</subfield>
    <subfield code="t">1</subfield>
    <subfield code="w">2023-05-03</subfield>
    <subfield code="y">BOOK</subfield>
  </datafield>
</record>
